التربية والشورى : (رقم التسجيلة. 23659)
[ عرض عادي ]
| 000 -الفاتح | |
|---|---|
| حقل البيانات ثابتة الطول | 00707nam a22002051a 4500 |
| 003 - محدد رقم الضبط | |
| رقم الضبط | OSt |
| 005 - وقت وتاريخ اخر تعامل مع التسجيلة | |
| رقم الضبط | 20150408114039.0 |
| 008 - عناصر البيانات ثابتة الطول - معلومات عامة | |
| حقل البيانات ثابتة الطول | 120524s2011 xxu||||g |||| 00| 0 ara d |
| 020 ## - الرقم الدولى المعيارى للكتب | |
| الرقم الدولى المعيارى للكتاب | 9789775059260 |
| 040 ## - مصدر الفهرسة | |
| وكالة الفهرسة الأصلية | عمادة شؤون المكتبات في جامعة المجمعة |
| 082 04 - رقم تصنيف ديوى العشرى | |
| رقم الطبعة | 21 |
| رقم التصنيف | 212 |
| رقم المادة | 212 ت ا خ |
| 100 1# - المدخل الرئيسى - إسم شخصى | |
| الإسم الشخصى | العسري، خالد |
| 9 (RLIN) | 14909 |
| 245 12 - بيان العنوان | |
| العنوان | التربية والشورى : |
| بقية العنوان | الأسئلة والأجوبة / |
| بيان المسئوليه,etc | خالد العسري. |
| 250 ## - بيان الطبعة | |
| بيان الطبعة | ط. 1. |
| 260 ## - PUBLICATION, DISTRIBUTION, ETC. (IMPRINT) | |
| مكان الناشر او الموزع | القاهرة : |
| اسم الناشر او الموزع | دار السلام، |
| تاريخ النشر أو التوزيع | 2011 |
| 300 ## - الوصف المادى | |
| التعداد | 197 ص. ؛ |
| أبعاد الوعاء | 24 سم. |
| 650 #7 - المدخل الاضافى بالموضوع-مصطلح موضوعى | |
| مصدر الرأس أو المصطلح | aucsh |
| مصطلح موضوعي أو اسم جغرافي كعنصر مدخل | التربية الإسلامية |
| 650 #7 - المدخل الاضافى بالموضوع-مصطلح موضوعى | |
| مصدر الرأس أو المصطلح | aucsh |
| مصطلح موضوعي أو اسم جغرافي كعنصر مدخل | الشورى |
| 9 (RLIN) | 2321 |
| 942 ## - عناصر المدخل الإضافي( كوها) | |
| مصدر التصنيف او مخطط الترفيف | Dewey Decimal Classification |
| Koha [default] item type | كتاب |
| حالة الفقد | نموذج السعر الفعال | حالة تلف | ليس للاعارة | رقم الطلب | رقم النسخة | تاريخ الاكتساب | الموقع الحالي | الباركود | موقع الترفيف | الفرع الرئيسي | Date last seen | نوع المادة فى نظام كوها | مصدر التصنيف او خطة الترفيف | Total Checkouts | Date last checked out |
|---|---|---|---|---|---|---|---|---|---|---|---|---|---|---|---|
| 2013-03-10 | Not For Loan | 212 212 ت ا خ | 1 | 2012-05-29 | المكتبة المركزية بالمجمعة (CL) | 205534 | stacks td | المكتبة المركزية بالمجمعة (CL) | 2013-03-10 | كتاب | Dewey Decimal Classification | ||||
| 2013-03-10 | 212 212 ت ا خ | 2 | 2012-05-29 | المكتبة المركزية بالمجمعة (CL) | 205533 | stacks td | المكتبة المركزية بالمجمعة (CL) | 2013-03-10 | كتاب | Dewey Decimal Classification | |||||
| 2013-03-10 | 212 212 ت ا خ | 3 | 2012-05-29 | المكتبة المركزية بالمجمعة (CL) | 205532 | stacks td | المكتبة المركزية بالمجمعة (CL) | 2013-03-10 | كتاب | Dewey Decimal Classification | |||||
| 2013-03-10 | 212 212 ت ا خ | 2 | 2012-05-28 | قسم الاجراءات الفنية (IC) | 204760 | stack td | قسم الاجراءات الفنية (IC) | 2013-03-10 | كتاب | Dewey Decimal Classification | |||||
| 2013-03-10 | Not For Loan | 212 212 ت ا خ | 1 | 2012-05-28 | قسم الاجراءات الفنية (IC) | 204759 | stack td | قسم الاجراءات الفنية (IC) | 2019-11-19 | كتاب | Dewey Decimal Classification | 2 | 2019-11-19 | ||
| 2013-03-10 | Not For Loan | 212 212 ت ا خ | 1 | 2012-05-29 | مكتبة كلية التربية بالزلفى - طالبات (EZF) | 205413 | stack td | مكتبة كلية التربية بالزلفى - طالبات (EZF) | 2013-03-10 | كتاب | Dewey Decimal Classification | ||||
| 2013-03-10 | Not For Loan | 212 212 ت ا خ | 1 | 2012-05-28 | مكتبة كلية العلوم و الدراسات الإنسانية برماح - طالبات (SRF) | 204106 | stacks td | مكتبة كلية العلوم و الدراسات الإنسانية برماح - طالبات (SRF) | 2013-03-10 | كتاب | Dewey Decimal Classification | ||||
| 2013-03-10 | 212 212 ت ا خ | 2 | 2012-05-28 | مكتبة كلية العلوم و الدراسات الإنسانية برماح - طالبات (SRF) | 204107 | stacks td | مكتبة كلية العلوم و الدراسات الإنسانية برماح - طالبات (SRF) | 2013-03-10 | كتاب | Dewey Decimal Classification | |||||
| 2013-03-10 | Not For Loan | 212 212 ت ا خ | 1 | 2012-05-27 | مكتبة كلية العلوم و الدراسات الإنسانية برماح - طلاب (SRM) | 203679 | stacks td | مكتبة كلية العلوم و الدراسات الإنسانية برماح - طلاب (SRM) | 2013-03-10 | كتاب | Dewey Decimal Classification | ||||
| 2013-03-10 | 212 212 ت ا خ | 2 | 2012-05-27 | مكتبة كلية العلوم و الدراسات الإنسانية برماح - طلاب (SRM) | 203680 | stacks td | مكتبة كلية العلوم و الدراسات الإنسانية برماح - طلاب (SRM) | 2013-03-10 | كتاب | Dewey Decimal Classification | |||||
| 2013-03-10 | Not For Loan | 212 212 ت ا خ | 1 | 2012-05-30 | مكتبة مجمع الطالبات بالمجمعة (EMF) | 206200 | stack td | مكتبة مجمع الطالبات بالمجمعة (EMF) | 2013-03-10 | كتاب | Dewey Decimal Classification | ||||
| 2013-03-10 | 212 212 ت ا خ | 2 | 2012-05-30 | مكتبة مجمع الطالبات بالمجمعة (EMF) | 206199 | stack td | مكتبة مجمع الطالبات بالمجمعة (EMF) | 2013-03-10 | كتاب | Dewey Decimal Classification |
